[Event "SVK Extraliga 2019-20"]
[Site "Slovakia"]
[Date "2020.09.05"]
[Round "10.4"]
[White "Bagi, Mate"]
[Black "Jurcik, Marian"]
[Result "1/2-1/2"]
[WhiteElo "2478"]
[BlackElo "2426"]
[Annotator "TA"]
[PlyCount "29"]
[EventDate "2019.10.19"]
[EventType "team-tourn"]
[EventCountry "SVK"]
[SourceTitle "playchess.com"]
[Source "ChessBase"]
[SourceQuality "1"]
[WhiteTeam "Streda"]
[BlackTeam "Zilina"]

{[%evp 12,29,16,18,46,44,52,45,47,20,25,21,18,0,0,0,0,-10,12,8]} 1. e4 e5 2. Nf3 Nc6 3. Bb5 a6 4. Ba4 Nf6 5. Nc3 b5 6. Bb3 Bc5 7. O-O {7.a4 is a critical line.} d6 {C77: Ruy Lopez: 3...a6 4 Ba4 Nf6, unusual lines.} 8. Nd5 Rb8 9. c3 Nxd5 {White is slightly better.} 10. Bxd5 (10. exd5 {seems wilder.} Ne7 11. d4 exd4 12. Nxd4 O-O 13. Bg5) 10... Ne7 11. Bb3 O-O {The position is equal.} 12. d4 exd4 13. cxd4 Bb6 14. h3 {[#]} Bb7 $146 ({Predecessor:} 14... c5 15. Re1 c4 16. Bc2 Ng6 17. b3 Ba5 18. Bd2 Bd7 19. d5 Re8 20. bxc4 bxc4 21. Bxa5 Qxa5 {½-½ (42) Balogh,C (2645)-Grigoryan,K (2616) Barcelona 2015}) 15. Re1 {Black did not feel at home in the position after the opening.} 1/2-1/2

[Event "SVK Extraliga 2019-20"]
[Site "Slovakia"]
[Date "2020.09.05"]
[Round "10.4"]
[White "Stohl, Igor"]
[Black "Neuman, Petr"]
[Result "1/2-1/2"]
[WhiteElo "2465"]
[BlackElo "2385"]
[Annotator "TA"]
[PlyCount "32"]
[EventDate "2019.10.19"]
[EventType "team-tourn"]
[EventCountry "SVK"]
[SourceTitle "playchess.com"]
[Source "ChessBase"]
[SourceQuality "1"]
[WhiteTeam "Modra"]
[BlackTeam "Liptovska"]

{[%evp 9,19,22,36,18,29,14,14,10,14,1,26,6]} 1. Nf3 d5 2. d4 Nf6 3. c4 c6 4. e3 Bf5 5. Nc3 a6 6. Be2 {D15: Slav Defence: 4 Nc3 a6 and gambit lines after 4 Nc3 dxc4.} h6 7. Bd3 Bxd3 8. Qxd3 e6 9. O-O Bb4 10. Bd2 {[#] Not much happened in this game.} {Predecessor:} O-O $146 11. Rfd1 Ba5 12. Rab1 Nbd7 13. b4 Bc7 14. e4 Nb6 15. cxd5 cxd5 16. e5 Nfd7 {0-1 (42) Tomashevsky,E (2713)-Fedoseev,V (2718) St Petersburg 2017} 1/2-1/2

[Event "SVK Extraliga 2019-20"]
[Site "Slovakia"]
[Date "2020.09.05"]
[Round "10.4"]
[White "Piesik, Piotr"]
[Black "Mikrut, Dariusz"]
[Result "1/2-1/2"]
[WhiteElo "2418"]
[BlackElo "2390"]
[Annotator "TA"]
[PlyCount "86"]
[EventDate "2019.10.19"]
[EventType "team-tourn"]
[EventCountry "SVK"]
[SourceTitle "playchess.com"]
[Source "ChessBase"]
[SourceQuality "1"]
[WhiteTeam "Dubnica"]
[BlackTeam "Prakovce"]

{[%evp 16,86,37,33,36,29,33,28,15,32,22,29,25,13,69,44,45,41,31,58,45,48,190,103,129,24,42,42,132,6,0,16,48,0,0,-124,-133,-107,0,0,33,0,101,89,139,0,0,0,0,0,0,0,0,0,0,0,0,0,0,0,0,0,0,0,0,0,0,0,0,0,0,0,0]} 1. d4 Nf6 2. c4 e6 3. Nc3 Bb4 4. f3 d5 5. a3 Be7 6. e4 dxe4 7. fxe4 e5 8. d5 Bc5 9. Bg5 O-O {E20: Nimzo-Indian: 4 g3 and 4 f3.} 10. Nf3 Bg4 11. h3 Bxf3 {White has an edge.} 12. Qxf3 Nbd7 13. O-O-O Bd4 14. Ne2 c5 (14... Re8 $11) 15. g4 {[#]} a6 $146 ({Predecessor:} 15... a5 16. Kb1 Ra6 17. Ng3 g6 18. h4 a4 19. Rh2 Qa5 20. Bd2 Qc7 21. g5 Ne8 {0-1 (61) Nakamura,H (2789)-Carlsen,M (2872) Zuerich 2014}) 16. Ng3 b5 17. Nf5 Qb6 18. Rh2 h6 ({Black should try} 18... Rfb8 $14) 19. Bh4 (19. h4 $18) 19... Nh7 20. Bd3 (20. Kb1 $16) 20... Rab8 $11 {Threatening ...bxc4.} 21. Rdd2 Rfe8 {[#]} (21... g6 $14) 22. Ne7+ (22. cxb5 $1 $16 c4 23. Bxc4) 22... Rxe7 23. Bxe7 Ndf8 24. Rdf2 f6 {...Ng6 is the strong threat.} 25. h4 (25. Bxf8 $1 $11 Bxf2 26. Rxf2 (26. Bxg7 $2 Bg1 $19) 26... Nxf8 27. cxb5 axb5 28. Qe3) 25... Ng6 $17 26. d6 Nxe7 (26... b4 $17 {And now ...bxa3 would win.} 27. Bb1 Bxf2 28. Rxf2 Nxe7 29. dxe7 bxa3 30. Qxa3 Kf7) 27. dxe7 $11 {Black must now prevent Rf1.} Qe6 28. Rc2 {Strongly threatening cxb5.} b4 (28... Qxe7 $11 {keeps the balance.} 29. cxb5 axb5) 29. axb4 $16 Rxb4 30. Qf5 ({White has to play} 30. g5 $1 $16) 30... Qxe7 $11 {The position is equal.} 31. Qc8+ Nf8 32. Rh3 Kh7 33. Be2 Qd6 34. g5 Bxb2+ {[%mdl 64] [#] Decoy} 35. Rxb2 Rxb2 36. Kxb2 Qd2+ {[%mdl 64] Double Attack} 37. Kb3 Qxe2 {[%mdl 4096] Endgame KQR-KQN} 38. Qf5+ Kg8 39. gxf6 Qd1+ 40. Kc3 Qd4+ 41. Kb3 Qd1+ 42. Kb2 Qd2+ 43. Kb3 Qd1+ {Accuracy: White = 69%, Black = 67%.} 1/2-1/2

[Event "SVK Extraliga 2019-20"]
[Site "Slovakia"]
[Date "2020.09.05"]
[Round "10.4"]
[White "Kostolansky, Sebastian Lukas"]
[Black "Tropp, Lukas"]
[Result "1/2-1/2"]
[WhiteElo "2395"]
[BlackElo "2130"]
[Annotator "TA"]
[PlyCount "95"]
[EventDate "2019.10.19"]
[EventType "team-tourn"]
[EventCountry "SVK"]
[SourceTitle "playchess.com"]
[Source "ChessBase"]
[SourceQuality "1"]
[WhiteTeam "Slovan"]
[BlackTeam "Kosice"]

{[%evp 16,95,29,23,27,5,21,0,25,-25,-23,-16,41,30,1,16,41,37,46,36,43,32,58,49,66,13,20,14,12,0,0,0,100,100,26,21,115,-21,-21,-21,-24,-104,-106,-124,-129,-128,-16,-18,-15,-9,0,-136,-156,-118,-35,-154,-16,-44,0,-57,0,0,-18,-89,0,0,0,0,0,0,0,0,0,0,0,0,0,0,0,0,0,0]} 1. e4 e5 2. Nf3 Nc6 3. Bb5 a6 4. Ba4 Nf6 5. d3 d6 6. c3 g6 7. O-O Bg7 8. Re1 O-O 9. Nbd2 Re8 {C77: Ruy Lopez: 3...a6 4 Ba4 Nf6, unusual lines.} 10. Bc2 d5 {[#]} 11. b4 $146 ({Predecessor:} 11. h3 h6 12. b4 d4 13. cxd4 Nxd4 14. Nxd4 Qxd4 15. Rb1 Nh5 16. Nf3 Qd6 17. Be3 {0-1 (76) Stoma,P (2342)-Sadzikowski,D (2389) Warsaw 2011}) 11... d4 12. Bb2 dxc3 13. Bxc3 Nd4 (13... Nh5 $11) 14. Nxd4 $14 exd4 15. Bb2 Nh5 16. g3 a5 17. a3 Bh3 18. Bb3 axb4 19. axb4 Qd6 20. Qf3 (20. Rxa8 $14 Rxa8 21. Nf3) 20... Be6 $1 $11 21. Bxe6 fxe6 22. Nc4 Qxb4 {White must now prevent ...Rxa1.} 23. e5 b5 (23... Red8 $11) 24. Rxa8 $16 Qxe1+ {[%mdl 64] Double Attack} 25. Kg2 Rf8 (25... Rxa8 $11 26. Qxa8+ Bf8) 26. Na5 (26. Ba3 $16 {[%cal Ra8f8]} b4 27. Bb2) 26... Qxe5 $11 {[#]} 27. Nc6 $1 {[%mdl 512]} Qf6 28. Rxf8+ (28. Qxf6 $1 $11 Nxf6 29. Rxf8+ Bxf8 30. Nxd4) 28... Qxf8 $17 29. Qe4 Qd6 30. Bxd4 Bxd4 ({Black should try} 30... Nf6 $17 31. Bxf6 Bxf6) 31. Nxd4 $11 b4 {Strongly threatening ...Nf6.} 32. Nxe6 Nf6 33. Qa8+ (33. Qc4 $11 {was the only way to keep the balance.}) 33... Kf7 $17 34. Ng5+ {[#]} Kg7 (34... Ke7 $1 $17 35. Ne4 Qd5 36. Qxd5 Nxd5) 35. Ne4 ({White should play} 35. Qa1 $1 $15) 35... Nxe4 (35... Qxd3 $17 36. Nxf6 Kxf6 37. Qf8+ {[%mdl 64] Double Attack} Ke5 38. Qg7+ Ke6 39. Qxc7 h5) 36. dxe4 {[%mdl 4096] Endgame KQ-KQ} b3 37. Qa1+ (37. Qb8 $11) 37... Kg8 38. Qa4 Qe6 39. Qd4 (39. Qb5 $11 {keeps the balance.}) 39... Qb6 (39... Kf7 $17) 40. Qd8+ $11 {The position is equal.} Kf7 41. Qd7+ Kf8 42. e5 {And now e6 would win.} Qc5 43. Qd8+ Kf7 {...Qc6+ is the strong threat.} 44. Qf6+ Ke8 45. Qe6+ Kf8 46. Qf6+ Ke8 47. Qe6+ Kf8 48. Qf6+ {Accuracy: White = 68%, Black = 57%.} 1/2-1/2

[Event "SVK Extraliga 2019-20"]
[Site "Slovakia"]
[Date "2020.09.05"]
[Round "10.4"]
[White "Vymazal, Bronislav"]
[Black "Matejovic, Juraj"]
[Result "1/2-1/2"]
[WhiteElo "2351"]
[BlackElo "2239"]
[Annotator "ChessBase"]
[PlyCount "68"]
[EventDate "2019.10.19"]
[EventType "team-tourn"]
[EventCountry "SVK"]
[SourceTitle "playchess.com"]
[Source "ChessBase"]
[SourceQuality "1"]
[WhiteTeam "Podhajska"]
[BlackTeam "Dunajov"]
[TimeControl "40/5400+30:1800+30"]

1. e4 {[%emt 0:00:00]} c5 {[%emt 0:00:04]} 2. Nf3 {[%emt 0:00:00]} e6 {[%emt 0:00:37]} 3. d4 {[%emt 0:04:12]} cxd4 {[%emt 0:00:13]} 4. Nxd4 {[%emt 0:00:03]} Nf6 {[%emt 0:00:44]} 5. Nc3 {[%emt 0:00:25]} Nc6 {[%emt 0:00:25]} 6. Nxc6 {[%emt 0:08:46]} bxc6 {[%emt 0:00:24]} 7. Bd3 {[%emt 0:00:05]} e5 {[%emt 0:13:49]} 8. O-O {[%emt 0:01:49]} Be7 {[%emt 0:16:47]} 9. Qe2 {[%emt 0:06:21]} O-O {[%emt 0:02:45]} 10. Rd1 {[%emt 0:06:39]} d6 {[%emt 0:08:32]} 11. Bc4 {[%emt 0:08:36]} Bg4 {[%emt 0:11:48]} 12. f3 {[%emt 0:00:07]} Be6 {[%emt 0:04:12]} 13. Bb3 {[%emt 0:03:39]} Qc7 {[%emt 0:03:14]} 14. Bg5 {[%emt 0:01:41]} Rad8 {[%emt 0:10:03]} 15. Kh1 {[%emt 0:00:17]} Nh5 {[%emt 0:06:48]} 16. Be3 {[%emt 0:05:36]} Rd7 {[%emt 0:01:19]} 17. Rd2 {[%emt 0:03:13]} Rfd8 {[%emt 0:00:43]} 18. Rad1 {[%emt 0:00:54]} h6 {[%emt 0:00:30]} 19. g3 {[%emt 0:33:08]} Nf6 {[%emt 0:00:39]} 20. Bf2 {[%emt 0:00:11]} d5 {[%emt 0:01:49]} 21. exd5 {[%emt 0:00:09]} cxd5 {[%emt 0:00:49]} 22. Ba4 {[%emt 0:00:21]} d4 {[%emt 0:00:21]} 23. Bxd7 {[%emt 0:08:00]} dxc3 {[%emt 0:01:54]} 24. Bxe6 {[%emt 0:00:05]} Rxd2 {[%emt 0:00:55]} 25. Rxd2 {[%emt 0:00:04]} cxd2 {[%emt 0:00:56]} 26. Bb3 {[%emt 0:00:19]} Qd7 {[%emt 0:02:28]} 27. c3 {[%emt 0:00:40]} Qf5 {[%emt 0:03:37]} 28. Be3 {[%emt 0:05:37]} Qb1+ {[%emt 0:02:50]} 29. Kg2 {[%emt 0:00:07]} Qxb2 {[%emt 0:00:52]} 30. Qxd2 {[%emt 0:00:06]} Qxd2+ {[%emt 0:00:22]} 31. Bxd2 {[%emt 0:00:03]} Bc5 {[%emt 0:00:08]} 32. Kf1 {[%emt 0:00:29]} Kf8 {[%emt 0:02:04]} 33. Ke2 {[%emt 0:00:36]} Ke7 {[%emt 0:01:05]} 34. f4 {[%emt 0:01:46]} Ne4 {[%emt 0:01:21]} 1/2-1/2

[Event "SVK Extraliga 2019-20"]
[Site "Slovakia"]
[Date "2020.09.05"]
[Round "10.4"]
[White "Kralovic, Andrej"]
[Black "Krak, Tomas"]
[Result "1-0"]
[WhiteElo "2211"]
[BlackElo "2326"]
[Annotator "ChessBase"]
[PlyCount "53"]
[EventDate "2019.10.19"]
[EventType "team-tourn"]
[EventCountry "SVK"]
[SourceTitle "playchess.com"]
[Source "ChessBase"]
[SourceQuality "1"]
[BlackTeam "Snina"]
[TimeControl "40/5400+30:1800+30"]

1. e4 {[%emt 0:00:00]} c5 {[%emt 0:00:00]} 2. Nf3 {[%emt 0:00:05]} Nc6 {[%emt 0:02:30]} 3. Bb5 {[%emt 0:00:39]} g6 {[%emt 0:02:39]} 4. Bxc6 {[%emt 0:01:12]} dxc6 {[%emt 0:03:13]} 5. d3 {[%emt 0:00:33]} Bg7 {[%emt 0:00:07]} 6. O-O {[%emt 0:00:31]} Nf6 {[%emt 0:00:12]} 7. h3 {[%emt 0:03:05]} Nd7 {[%emt 0:03:13]} 8. Nc3 {[%emt 0:00:33]} Nf8 {[%emt 0:00:18]} 9. Be3 {[%emt 0:10:15]} Ne6 {[%emt 0:01:21]} 10. Qd2 {[%emt 0:01:25]} Nd4 {[%emt 0:00:25]} 11. Nh2 {[%emt 0:01:32]} Qa5 {[%emt 0:00:57]} 12. a3 {[%emt 0:19:03]} O-O {[%emt 0:06:25]} 13. Rfb1 {[%emt 0:13:00]} Qc7 {[%emt 0:23:06]} 14. Ne2 {[%emt 0:02:59]} Rd8 {[%emt 0:04:35]} 15. Nxd4 {[%emt 0:02:31]} cxd4 {[%emt 0:00:06]} 16. Bh6 {[%emt 0:01:04]} Bh8 {[%emt 0:01:58]} 17. f4 {[%emt 0:03:35]} c5 {[%emt 0:02:19]} 18. b3 {[%emt 0:03:26]} a5 {[%emt 0:07:04]} 19. a4 {[%emt 0:00:16]} b6 {[%emt 0:03:36]} 20. Rf1 {[%emt 0:01:16]} f6 {[%emt 0:09:53]} 21. Rae1 {[%emt 0:05:11]} e6 {[%emt 0:01:23]} 22. Qf2 {[%emt 0:08:50]} Re8 {[%emt 0:07:19]} 23. Qh4 {[%emt 0:02:15]} Qf7 {[%emt 0:03:59]} 24. Ng4 {[%emt 0:07:21]} Bb7 {[%emt 0:02:01]} 25. Bg5 {[%emt 0:03:22]} fxg5 {[%emt 0:05:24]} 26. Nh6+ {[%emt 0:04:25]} Kg7 {[%emt 0:01:10]} 27. fxg5 1-0

[Event "SVK Extraliga 2019-20"]
[Site "Slovakia"]
[Date "2020.09.05"]
[Round "10.5"]
[White "Petrik, Tomas"]
[Black "Varga, Zoltan"]
[Result "1/2-1/2"]
[WhiteElo "2449"]
[BlackElo "2419"]
[Annotator "TA"]
[PlyCount "40"]
[EventDate "2019.10.19"]
[EventType "team-tourn"]
[EventCountry "SVK"]
[SourceTitle "playchess.com"]
[Source "ChessBase"]
[SourceQuality "1"]
[WhiteTeam "Zilina"]
[BlackTeam "Streda"]

{[%evp 21,23,10,-8,1]} 1. e4 Nf6 2. e5 Nd5 3. d4 d6 4. Nf3 g6 5. exd6 cxd6 6. c4 Nb6 7. Nc3 Bg7 8. Be2 O-O 9. O-O Nc6 10. Be3 Bg4 11. b3 d5 12. c5 {[#] A rather calm draw. B04: Alekhine's Defence: 4 Nf3.} {Predecessor:} Nc8 $146 13. a3 e6 14. b4 a6 15. Ne1 Bxe2 16. Nxe2 N8e7 17. Ng3 b6 18. Rb1 bxc5 19. dxc5 Rb8 20. Qe2 Qc8 {1-0 (68) Andriasian,Z (2586)-Mikaelyan,A (2500) Yerevan 2018} 1/2-1/2

[Event "SVK Extraliga 2019-20"]
[Site "Slovakia"]
[Date "2020.09.05"]
[Round "10.5"]
[White "Hausner, Ivan"]
[Black "Jablonicky, Martin"]
[Result "1-0"]
[WhiteElo "2337"]
[BlackElo "2318"]
[Annotator "ChessBase"]
[PlyCount "125"]
[EventDate "2019.10.19"]
[EventType "team-tourn"]
[EventCountry "SVK"]
[SourceTitle "playchess.com"]
[Source "ChessBase"]
[SourceQuality "1"]
[WhiteTeam "Liptovska"]
[BlackTeam "Osuske"]
[TimeControl "40/5400+30:1800+30"]

1. d4 {[%emt 0:00:00]} Nf6 {[%emt 0:00:00]} 2. c4 {[%emt 0:00:00]} g6 {[%emt 0:00:00]} 3. Nc3 {[%emt 0:00:00]} Bg7 {[%emt 0:00:00]} 4. e4 {[%emt 0:00:11]} d6 {[%emt 0:00:00]} 5. f3 {[%emt 0:00:21]} O-O {[%emt 0:00:02]} 6. Be3 {[%emt 0:00:04]} a6 {[%emt 0:00:12]} 7. Qd2 {[%emt 0:00:26]} c6 {[%emt 0:00:11]} 8. Bd3 {[%emt 0:00:54]} b5 {[%emt 0:00:57]} 9. b3 {[%emt 0:00:19]} Nbd7 {[%emt 0:01:15]} 10. Nge2 {[%emt 0:00:42]} e5 {[%emt 0:01:11]} 11. d5 {[%emt 0:00:14]} cxd5 {[%emt 0:01:50]} 12. cxd5 {[%emt 0:00:07]} Nh5 {[%emt 0:00:31]} 13. O-O {[%emt 0:04:24]} f5 {[%emt 0:07:03]} 14. Rac1 {[%emt 0:03:45]} Ndf6 {[%emt 0:02:52]} 15. a4 {[%emt 0:08:26]} b4 {[%emt 0:06:05]} 16. Nd1 {[%emt 0:03:40]} fxe4 {[%emt 0:03:25]} 17. fxe4 {[%emt 0:03:02]} Ng4 {[%emt 0:01:20]} 18. Nf2 {[%emt 0:00:24]} Nxe3 {[%emt 0:01:00]} 19. Qxe3 {[%emt 0:00:05]} Nf4 {[%emt 0:01:28]} 20. Rc6 {[%emt 0:11:41]} Bh6 {[%emt 0:02:10]} 21. Nxf4 {[%emt 0:02:00]} Bxf4 {[%emt 0:00:13]} 22. Qe1 {[%emt 0:00:14]} Bb7 {[%emt 0:09:29]} 23. Rc2 {[%emt 0:03:42]} Qb6 {[%emt 0:00:25]} 24. g3 {[%emt 0:00:15]} Be3 {[%emt 0:01:13]} 25. Kg2 {[%emt 0:00:19]} Qd4 {[%emt 0:05:29]} 26. Bc4 {[%emt 0:10:30]} a5 {[%emt 0:23:21]} 27. Re2 {[%emt 0:02:37]} Bh6 {[%emt 0:08:04]} 28. Qd1 {[%emt 0:10:52]} Qxd1 {[%emt 0:04:40]} 29. Nxd1 {[%emt 0:04:04]} Rxf1 {[%emt 0:03:11]} 30. Kxf1 {[%emt 0:00:05]} Bc8 {[%emt 0:00:29]} 31. Nf2 {[%emt 0:00:42]} Bd7 {[%emt 0:00:32]} 32. Kg2 {[%emt 0:01:01]} Rc8 {[%emt 0:01:32]} 33. Rc2 {[%emt 0:07:44]} Be3 {[%emt 0:00:38]} 34. Bd3 {[%emt 0:03:05]} Rc3 {[%emt 0:04:17]} 35. Rxc3 {[%emt 0:00:43]} bxc3 {[%emt 0:00:09]} 36. Kf3 {[%emt 0:00:55]} Bd4 {[%emt 0:00:35]} 37. Ng4 {[%emt 0:02:13]} Kf7 {[%emt 0:03:20]} 38. Ne3 {[%emt 0:00:18]} h5 {[%emt 0:00:07]} 39. Bc2 {[%emt 0:01:19]} Bc5 {[%emt 0:05:02]} 40. Nc4 {[%emt 0:03:41]} Bg4+ {[%emt 0:01:00]} 41. Kg2 {[%emt 0:30:06]} Bb4 {[%emt 0:30:28]} 42. Ne3 {[%emt 0:02:47]} Bc8 {[%emt 0:00:00]} 43. Nc4 {[%emt 0:00:00]} Ke7 {[%emt 0:00:00]} 44. Kf2 {[%emt 0:00:00]} Bh3 {[%emt 0:00:00]} 45. Ke2 {[%emt 0:00:00]} Kd7 {[%emt 0:00:00]} 46. Ne3 {[%emt 0:00:00]} Kc7 {[%emt 0:00:00]} 47. Nc4 {[%emt 0:00:00]} Bc5 {[%emt 0:00:00]} 48. Nxa5 {[%emt 0:00:00]} Bg1 {[%emt 0:00:00]} 49. b4 {[%emt 0:00:00]} Bxh2 {[%emt 0:00:00]} 50. Kf2 {[%emt 0:00:00]} g5 {[%emt 0:00:00]} 51. Nc4 {[%emt 0:00:00]} h4 {[%emt 0:00:00]} 52. gxh4 {[%emt 0:00:00]} gxh4 {[%emt 0:00:00]} 53. b5 {[%emt 0:00:00]} Bg3+ {[%emt 0:00:00]} 54. Kf3 {[%emt 0:00:00]} Bf4 {[%emt 0:00:00]} 55. b6+ {[%emt 0:00:00]} Kb7 {[%emt 0:00:00]} 56. a5 {[%emt 0:00:00]} Bf1 {[%emt 0:00:00]} 57. Nxd6+ {[%emt 0:00:00]} Kb8 {[%emt 0:00:00]} 58. Kf2 {[%emt 0:00:00]} Ba6 {[%emt 0:00:00]} 59. Kg2 {[%emt 0:00:00]} Bc8 {[%emt 0:03:31]} 60. Nf5 {[%emt 0:04:09]} Kb7 {[%emt 0:01:06]} 61. Nxh4 {[%emt 0:01:49]} Ka6 {[%emt 0:01:19]} 62. Nf5 {[%emt 0:00:37]} Bg5 {[%emt 0:02:32]} 63. Nd6 {[%emt 0:00:27]} 1-0

[Event "SVK Extraliga 2019-20"]
[Site "Slovakia"]
[Date "2020.09.05"]
[Round "10.5"]
[White "Jacko, Vladimir"]
[Black "Vojtek, Vladimir"]
[Result "1-0"]
[WhiteElo "2333"]
[BlackElo "2247"]
[Annotator "ChessBase"]
[PlyCount "87"]
[EventDate "2019.10.19"]
[EventType "team-tourn"]
[EventCountry "SVK"]
[SourceTitle "playchess.com"]
[Source "ChessBase"]
[SourceQuality "1"]
[WhiteTeam "Prakovce"]
[BlackTeam "Dubnica"]
[TimeControl "40/5400+30:1800+30"]

1. e4 {[%emt 0:00:00]} c5 {[%emt 0:00:03]} 2. Nf3 {[%emt 0:00:00]} d6 {[%emt 0:00:07]} 3. d4 {[%emt 0:00:16]} cxd4 {[%emt 0:00:04]} 4. Nxd4 {[%emt 0:00:05]} Nf6 {[%emt 0:00:05]} 5. Nc3 {[%emt 0:00:21]} a6 {[%emt 0:00:05]} 6. Bc4 {[%emt 0:08:22]} e6 {[%emt 0:00:06]} 7. f4 {[%emt 0:00:22]} b5 {[%emt 0:02:10]} 8. Bb3 {[%emt 0:00:32]} Bb7 {[%emt 0:02:05]} 9. O-O {[%emt 0:06:20]} Be7 {[%emt 0:10:45]} 10. Kh1 {[%emt 0:12:19]} Nc6 {[%emt 0:08:38]} 11. f5 {[%emt 0:07:46]} Nxd4 {[%emt 0:01:52]} 12. Qxd4 {[%emt 0:00:08]} e5 {[%emt 0:01:53]} 13. Qd3 {[%emt 0:00:37]} h6 {[%emt 0:30:02]} 14. a3 {[%emt 0:11:43]} Rc8 {[%emt 0:01:12]} 15. Re1 {[%emt 0:06:25]} Rc7 {[%emt 0:04:02]} 16. Bd2 {[%emt 0:05:03]} Qa8 {[%emt 0:02:52]} 17. Re2 {[%emt 0:13:50]} Rd7 {[%emt 0:01:32]} 18. Qg3 {[%emt 0:04:40]} Kf8 {[%emt 0:09:01]} 19. Rae1 {[%emt 0:03:20]} Bd8 {[%emt 0:00:26]} 20. Qd3 {[%emt 0:03:10]} Bb6 {[%emt 0:03:08]} 21. a4 {[%emt 0:03:27]} b4 {[%emt 0:02:14]} 22. Nd5 {[%emt 0:00:06]} Bxd5 {[%emt 0:07:37]} 23. Bxd5 {[%emt 0:00:12]} Nxd5 {[%emt 0:00:26]} 24. exd5 {[%emt 0:00:02]} Bc5 {[%emt 0:01:31]} 25. f6 {[%emt 0:00:24]} gxf6 {[%emt 0:02:44]} 26. Qf5 {[%emt 0:02:04]} Ke7 {[%emt 0:02:52]} 27. Rf1 {[%emt 0:01:27]} Kd8 {[%emt 0:00:20]} 28. c3 {[%emt 0:02:06]} a5 {[%emt 0:01:40]} 29. Qxf6+ {[%emt 0:02:11]} Kc7 {[%emt 0:00:00]} 30. Rc1 {[%emt 0:03:23]} b3 {[%emt 0:00:57]} 31. c4 {[%emt 0:01:48]} Bd4 {[%emt 0:01:09]} 32. Bc3 {[%emt 0:01:11]} Bxc3 {[%emt 0:01:28]} 33. Rxc3 {[%emt 0:00:01]} Rb8 {[%emt 0:00:20]} 34. Qf3 {[%emt 0:01:21]} Rb4 {[%emt 0:00:52]} 35. c5 {[%emt 0:00:58]} dxc5 {[%emt 0:00:37]} 36. Rxe5 {[%emt 0:00:35]} Kb6 {[%emt 0:01:28]} 37. Qf6+ {[%emt 0:00:27]} Ka7 {[%emt 0:00:12]} 38. Rxc5 {[%emt 0:00:22]} Rxa4 39. h3 {[%emt 0:00:35]} Qb8 {[%emt 0:01:02]} 40. Rc6 {[%emt 0:01:23]} Ra1+ {[%emt 0:01:16]} 41. Kh2 {[%emt 0:30:33]} Qb5 {[%emt 0:09:42]} 42. Re7 {[%emt 0:00:00]} Qb8+ {[%emt 0:05:14]} 43. d6 {[%emt 0:00:00]} Rb7 {[%emt 0:01:51]} 44. Qd4+ {[%emt 0:00:00]} 1-0

[Event "SVK Extraliga 2019-20"]
[Site "Slovakia"]
[Date "2020.09.05"]
[Round "10.5"]
[White "Fiacan, Robert"]
[Black "Walterova, Ema"]
[Result "0-1"]
[WhiteElo "2231"]
[BlackElo "1802"]
[Annotator "ChessBase"]
[PlyCount "50"]
[EventDate "2019.10.19"]
[EventType "team-tourn"]
[EventCountry "SVK"]
[SourceTitle "playchess.com"]
[Source "ChessBase"]
[SourceQuality "1"]
[WhiteTeam "Snina"]
[TimeControl "40/5400+30:1800+30"]

1. e4 {[%emt 0:00:00]} e5 {[%emt 0:00:00]} 2. Nf3 {[%emt 0:00:00]} Nc6 {[%emt 0:00:00]} 3. d4 {[%emt 0:00:56]} exd4 {[%emt 0:00:12]} 4. Bc4 {[%emt 0:00:50]} Nf6 {[%emt 0:00:43]} 5. e5 {[%emt 0:00:07]} d5 {[%emt 0:08:45]} 6. Bb5 {[%emt 0:00:39]} Nd7 {[%emt 0:03:42]} 7. O-O {[%emt 0:05:45]} Be7 {[%emt 0:02:43]} 8. Re1 {[%emt 0:12:48]} O-O {[%emt 0:13:01]} 9. Bxc6 {[%emt 0:04:13]} bxc6 {[%emt 0:00:14]} 10. Nxd4 {[%emt 0:00:13]} Nb8 {[%emt 0:15:24]} 11. Qh5 {[%emt 0:06:54]} c5 {[%emt 0:09:40]} 12. Nf3 {[%emt 0:08:14]} f6 {[%emt 0:05:56]} 13. e6 {[%emt 0:08:22]} Nc6 {[%emt 0:02:39]} 14. Nc3 {[%emt 0:09:36]} Nb4 {[%emt 0:09:06]} 15. Re2 {[%emt 0:01:14]} Ba6 {[%emt 0:04:42]} 16. Rd2 {[%emt 0:00:33]} d4 {[%emt 0:02:53]} 17. Ne4 {[%emt 0:09:51]} Nd5 {[%emt 0:02:45]} 18. c3 {[%emt 0:06:32]} d3 {[%emt 0:02:16]} 19. b3 {[%emt 0:01:12]} Bd6 {[%emt 0:05:22]} 20. g3 {[%emt 0:01:00]} Ne7 {[%emt 0:02:43]} 21. c4 {[%emt 0:01:11]} Bb7 {[%emt 0:01:41]} 22. Nxd6 {[%emt 0:07:46]} Qxd6 {[%emt 0:00:13]} 23. Ne1 {[%emt 0:00:53]} Qxe6 {[%emt 0:02:46]} 24. Ba3 {[%emt 0:00:14]} Qe4 {[%emt 0:00:52]} 25. f3 {[%emt 0:00:29]} Qd4+ {[%emt 0:00:13]} 0-1

[Event "SVK Extraliga 2019-20"]
[Site "Slovakia"]
[Date "2020.09.05"]
[Round "10.5"]
[White "Kantorik, Marian"]
[Black "Vass, Frantisek"]
[Result "1/2-1/2"]
[WhiteElo "2211"]
[BlackElo "2310"]
[Annotator "ChessBase"]
[PlyCount "54"]
[EventDate "2019.10.19"]
[EventType "team-tourn"]
[EventCountry "SVK"]
[SourceTitle "playchess.com"]
[Source "ChessBase"]
[SourceQuality "1"]
[WhiteTeam "Dunajov"]
[BlackTeam "Podhajska"]
[TimeControl "40/5400+30:1800+30"]

1. d4 {[%emt 0:00:00]} d5 {[%emt 0:00:50]} 2. c4 {[%emt 0:00:00]} e6 {[%emt 0:01:51]} 3. Nc3 {[%emt 0:00:00]} Nf6 {[%emt 0:00:25]} 4. cxd5 {[%emt 0:00:07]} exd5 {[%emt 0:00:05]} 5. Bg5 {[%emt 0:00:10]} Be7 {[%emt 0:00:39]} 6. e3 {[%emt 0:00:10]} O-O {[%emt 0:00:44]} 7. Bd3 {[%emt 0:00:16]} c6 {[%emt 0:00:41]} 8. Nge2 {[%emt 0:00:12]} Nbd7 {[%emt 0:00:30]} 9. Qc2 {[%emt 0:00:11]} Re8 {[%emt 0:00:53]} 10. O-O {[%emt 0:00:28]} Nf8 {[%emt 0:07:07]} 11. Bxf6 {[%emt 0:03:33]} Bxf6 {[%emt 0:00:16]} 12. b4 {[%emt 0:00:06]} Qd6 {[%emt 0:05:30]} 13. b5 {[%emt 0:00:56]} Bd7 {[%emt 0:18:25]} 14. a4 {[%emt 0:03:49]} Rac8 {[%emt 0:05:29]} 15. bxc6 {[%emt 0:02:07]} bxc6 {[%emt 0:02:47]} 16. Rac1 {[%emt 0:19:09]} h6 {[%emt 0:10:15]} 17. e4 {[%emt 0:07:38]} dxe4 {[%emt 0:11:57]} 18. Nxe4 {[%emt 0:00:11]} Qe7 {[%emt 0:00:52]} 19. Qc5 {[%emt 0:05:52]} Bg5 {[%emt 0:08:30]} 20. Rb1 {[%emt 0:08:04]} Ne6 {[%emt 0:02:55]} 21. Qxe7 {[%emt 0:01:20]} Bxe7 {[%emt 0:00:31]} 22. Rb7 {[%emt 0:01:15]} Rc7 {[%emt 0:00:16]} 23. Rxc7 {[%emt 0:01:34]} Nxc7 {[%emt 0:00:03]} 24. Rb1 {[%emt 0:00:07]} Bc8 {[%emt 0:02:00]} 25. Rc1 {[%emt 0:03:05]} Bd7 {[%emt 0:01:26]} 26. Rb1 {[%emt 0:03:03]} Bc8 {[%emt 0:00:47]} 27. Rc1 {[%emt 0:02:43]} Bd7 {[%emt 0:00:36]} 1/2-1/2